000 00609nam a22002177a 4500
999 _c2768
_d2768
003 AR-CdUCM
008 190305b ||||| |||| 00| 0 spa d
040 _aMUNICIPALIDAD PROVINCIAL DEL CUSCO
_cBIBLIOTECA MUNICIPAL DEL CUSCO
041 _hita
082 _a858.9 /
_bB39
100 _aBerto, Giuseppe
_99648
245 _aEl mal oscuro /
260 _aBarcelona :
_bSeix Barral,
_c1966.
300 _a342 páginas
_c19 cm.
650 _aNovela
_95
650 _aNovelas Italianas
_99649
650 _aLiteratura
_983
700 _aTraducción: Sergio Pitol
_99650
942 _2ddc
_cLIBROS
945 _admma